000 00472nam a2200181Ia 4500
001 14031
005 20260306164844.0
008 260306t2011||||xx |||||||||||||| ||spa||
041 _aESP
082 _a006
_bA177
100 _aAssociation for Computing Machinery
_eAUT
245 0 _aEuroSys´11:
_bproceedings of the EuroSys 2011 conference
260 _c2011
300 _aix, 357 páginas :
_c28 cm.
650 _aGEN
654 _aCCC
942 _cLIB
_dJUS
_fJUS
_2ddc
_n
999 _c14031
_d14031